000 00502nam a22001937a 4500
005 20260306113040.0
008 260306b |||||||| |||| 00| 0 eng d
020 _a9789385618512
040 _cFLL
041 _2eng
_aeng
084 _aX8(A):(D854).2 Q7
100 _aShashi Bala
245 _aIndustrial Pollution & Legislation in India
_bAn Analytical Study
250 _a1st.
260 _aDelhi
_bThakkar
_c2017
300 _axxiii,398p
650 _aEnvironmental Law
942 _2CC
_cREF
999 _c1688483
_d1688483